000 00191nam a2200073Ia 4500
008 170523s9999 xx 000 0 und d
100 _aLal- Jagdish
245 0 _aHydraulic Machines Including Fluidics
260 _aMetropolitan
999 _c12219
_d12219